01142nam0a22002531 4500001001100000005001700011021001900028035002600047100004100073101000800114102000700122105001800129200035000147210003700497215002300534320005100557606007000608702004600678702003400724712007100758801001800829801002200847852001900869rc\490927820260407121653.0 aRUb[65-94655] a(NLR Aleph) 008933961 a20130426d1965 |||y0rusy50 ca0 arus aRU aa z |||||1 aФизико-химические и технологические исследования минерального сырьяe[Сборник статейfОтв. ред.: д-р хим. наук И.С. Канцепольский и канд. техн. наук С.С. Касымова]gАкад. наук УзССР. Ин-т химии aТашкентcНаукаd1965 a217 с.cил.d22 aБиблиогр. в конце статей aХимическая технологияjСборники2psbo 1aКанцепольскийbИ.С.4340 1aКасымоваbС.С.434002aИнститут химииcТашкент3RU\NLR\AUTH\889956140 0aRUbNLRgpsbo 1aRUbELAR2rusmarc aNLRj65-5/5667